Tecnología y exportaciones industriales: un análisis microeconómico de la experiencia argentina reciente (Registro nro. 16262)

Detalles MARC
000 -LEADER
fixed length control field 00427 a2200121 4500
001 - CONTROL NUMBER
control field ART_3258
005 - DATE AND TIME OF LATEST TRANSACTION
control field 20260410161713.0
008 - FIXED-LENGTH DATA ELEMENTS--GENERAL INFORMATION
fixed length control field 260409a
100 1# - MAIN ENTRY--PERSONAL NAME
Personal name Katz, Jorge M.
245 10 - TITLE STATEMENT
Title Tecnología y exportaciones industriales: un análisis microeconómico de la experiencia argentina reciente
700 1# - ADDED ENTRY--PERSONAL NAME
Personal name Ablin, Eduardo
773 0# - HOST ITEM ENTRY
Title Desarrollo económico
Related parts - Vol. 17, Nº 65 (abr./jun. 1977)
Record control number REV1174

No hay ítems disponibles.